000 00411 a2200169 4500
001 188530
020 _a85-7406-019-4
040 _cMagnum
100 _aCaputo, Natha
240 1 0 _aHistórias para todos os dias
_lpor
245 1 0 _aHistórias para todos os dias
300 _a141
362 0 _a1999
440 1 _aCompanhia das Letrinhas
697 _aLITERATURA INFANTO-JUVENIL ESTRANGEIRA
942 _cBK
999 _c188530
_d188530